00514nam a2200169Ia 450000500170000000800410001702000180005804100120007608200130008810000200010124500590012126000530018030000210023344000570025465000160031170000170032720260429111952.0260429s9999||||xx |||||||||||||| ||und|| a9780521705646 aEnglish a510bYOU aYoung, Nicholas 0aSurveys in contemporary mathematics / cNicholas Young aCambridge : bCambridge University Press,c2008. avii, 361 p.; pbk aLondon mathematical society lecture note series; 347 aMathematics a Choi, Yemon